| 000 | 00627nam a2200205 4500 | ||
|---|---|---|---|
| 999 |
_c810 _d810 |
||
| 001 | 8867 | ||
| 003 | BD-DhUAP | ||
| 005 | 20200128114425.0 | ||
| 008 | 200128s2001 bg a|||| |||| 001 0 eng d | ||
| 020 | _a9844611273 | ||
| 040 |
_aBD-DhUAP _bEng _cBD-DhUAP _dBD-DhUAP |
||
| 082 |
_223 _a323.095492 MIA |
||
| 100 | _a Miah, M. Maniruzzaman. | ||
| 245 |
_aState of human rights in Bangladesh and related issues / _cM. Maniruzzaman Miah. |
||
| 260 |
_aDhaka : _bGatidhara, _cc2001. |
||
| 300 |
_avii, 92 pages : _billustrations ; _c22 cm. |
||
| 650 |
_aHuman rights _zBangladesh. |
||
| 650 | _aPolitics and government. | ||
| 942 |
_2ddc _cBK |
||